Meranie algoritmických zručností

Salvato in:
Dettagli Bibliografici
Autore principale: Benovič, Marek (Autore)
Altri autori: Tvarožek, Jozef (Relatore della tesi)
Natura: Manoscritto Libro
Lingua:slovacco
Pubblicazione: 2021
Soggetti:
Accesso online:http://is.stuba.sk/zp/portal_zp.pl?podrobnosti=141980
Tags: Aggiungi Tag
Nessun Tag, puoi essere il primo ad aggiungerne!!

MARC

LEADER 00000ntm a22000003a 4500
001 stuzp85438
003 SK-STU
005 20210626212212.7
007 ta
008 150427s2015----xo-----f-mn---000-0-slo-d
040 |a STU  |b slo 
041 0 |a slo 
100 1 |a Benovič, Marek  |u 070200  |4 aut  |U FIIT Fakulta informatiky a informačných technológií  |T FIIT Ústav informatiky, informačných systémov a softvérového inžinierstva  |X 91997  |U I200  |Y 179  |7 91997 
242 0 1 |a Measurement of algorithmic skills  |y eng 
245 1 0 |a Meranie algoritmických zručností 
260 |c 2021 
650 4 |a sokoban  |2 slo 
650 4 |a algoritmické zručnosti  |2 slo 
650 4 |a kognitívne vlastnosti  |2 slo 
650 4 |a predikcia  |2 slo 
650 4 |a algorithmic skills  |2 eng 
650 4 |a cognitive abilities  |2 eng 
650 4 |a prediction  |2 eng 
650 4 |a sokoban  |2 eng 
700 1 |a Tvarožek, Jozef  |u 070200  |k Z8  |4 ths  |U FIIT Fakulta informatiky a informačných technológií  |T FIIT Ústav informatiky, informačných systémov a softvérového inžinierstva  |X 52473  |U I200  |Y 179  |7 52473 
856 4 |u http://is.stuba.sk/zp/portal_zp.pl?podrobnosti=141980